000 00528nam a2200193Ia 4500
005 20250508160834.0
008 008 250505s9999 xx 000 0 eng d
020 _a0 262 62005 7
037 _aTextual
040 _aFEDL
_beng
_cFEDL
041 _aeng
_2eng
084 _a407, LEN
_qFEDL
100 _aLenneberg Eric H Ed.
245 0 _aNew directions in the study of language
260 _aCambridge
_bThe M I T Press
_c1964
300 _aix,194p
942 _cTEXL
_h407, LEN
999 _c1366905
_d1366905